2011-12 NFL Playoffs - Statistics

General Stats
  • This quiz has been taken 2,273 times
  • The average score is 10 of 12
Answers on the Map
Answers color-coded by a green-red scale on the quiz's map according to % correct below.
 
Answer Stats
Team % Correct
New England Patriots
99%
New York Giants
95%
Green Bay Packers
93%
Baltimore Ravens
88%
Pittsburgh Steelers
88%
Denver Broncos
87%
San Francisco 49ers
86%
New Orleans Saints
83%
Atlanta Falcons
78%
Houston Texans
75%
Cincinnati Bengals
70%
Detroit Lions
66%
No matching quizzes found
Score Distribution
Percent of People with Each Score
Percentile by Number Answered
Your Score History
You have not taken this quiz